000 02195nam a22002657a 4500
008 251014b |||||||| |||| 00| 0 eng d
020 _a9788411573504
040 _ctbs
041 _aspa
100 _aDíaz Gutiérrez, Eva
_926154
_eauthor
245 _aMundo profesional 1
_b: guía didáctica : curso de español para ámbitos profesionales A1-A2
_c/ Eva Díaz Gutiérrez, Vanessa Ordovás García, Mila Sánchez.
260 _aBarcelona :
_bDifusión,
_c2023.
300 _a128 pages :
_billustrations (color) ;
_c28 cm.
490 _aMundo profesional ;
_v1
520 _aMundo profesional es un método de español ideal para descubrir el mundo de habla hispana y aprender a comunicarse en diferentes situaciones de la vida profesional. El primer nivel prepara para alcanzar un A2 del Marco Común Europeo de Referencia para las Lenguas. Esta Guía didáctica ofrece: • explicaciones detalladas para llevar a cabo las actividades del manual de manera sencilla y eficaz • ideas complementarias para enriquecer la experiencia de aprendizaje • soluciones de las actividades del manual • propuestas metodológicas para trabajar con ritmos de aprendizaje individualizados
520 _aMundo profesional is a Spanish-learning method designed to explore the Spanish-speaking world and learn how to communicate in various professional settings. The first level aims to reach an A2 level of the Common European Framework of Reference for Languages. This Teacher’s Guide offers: • Detailed explanations to carry out the textbook activities easily and effectively • Additional ideas to enrich the learning experience • Answers to the textbook activities • Methodological suggestions for working with individualized learning paces
650 0 _aSpanish language
_xGrammar
_910270
650 0 _aSpanish language
_xStudy and teaching
_926155
650 0 _aSpanish language
_xTextbooks for foreign speakers
_912081
650 0 _aSpanish language
_xBusiness Spanish
_926156
650 0 _aSpanish language
_vComposition and exercises
_926157
700 _aOrdovás García, Vanessa
_926158
_eauthor
700 _aSánchez, Mila
_926159
_eauthor
942 _2lcc
999 _c5045
_d5045